Central Library OPAC University of Rajshahi

Gulliver's travels : (Record no. 19599)

MARC details
000 -LEADER
fixed length control field 00721nam a22002412 4500
001 - CONTROL NUMBER
control field 19599
003 - CONTROL NUMBER IDENTIFIER
rucl marc code BD-RjUL
005 - DATE AND TIME OF LATEST TRANSACTION
control field 20211209000443.0
008 - FIXED-LENGTH DATA ELEMENTS--GENERAL INFORMATION
fixed length control field 900412t1939 enk 000 1 eng d
035 ## - SYSTEM CONTROL NUMBER
System control number (BD-RjUL)19659
040 ## - CATALOGING SOURCE
Original cataloging agency IWC
Transcribing agency IWC
Modifying agency EQO
-- BD-RjUL
Language of cataloging eng
041 ## - LANGUAGE CODE
Language code of text/sound track or separate title eng
082 04 - DEWEY DECIMAL CLASSIFICATION NUMBER
Classification number 823.5
Author mark and year SWG 1939
090 ## - LOCALLY ASSIGNED LC-TYPE CALL NUMBER (OCLC); LOCAL CALL NUMBER (OCLC)
Classification number (OCLC) (R) ; Classification number, CALL (RLIN) (NR) PR3724
Local cutter number (OCLC) ; Book number/undivided call number, CALL (RLIN) .G7 1939
100 1# - MAIN ENTRY--PERSONAL NAME
Personal name Swift, Jonathan,
Dates associated with a name 1667-1745.
9 (RLIN) 59484
245 10 - TITLE STATEMENT
Title Gulliver's travels :
Number of part/section of a work Parts one and two /
Statement of responsibility, etc. by Jonathan Swift ; with exercises by J.C. Dent.
260 ## - PUBLICATION, DISTRIBUTION, ETC. (IMPRINT)
Place of publication, distribution, etc. London :
Name of publisher, distributor, etc. Blackie & Son,
Date of publication, distribution, etc. 1939.
300 ## - PHYSICAL DESCRIPTION
Pagination vi, 199 p. ;
Size 18 cm.
490 0# - SERIES STATEMENT
Series statement The Minster English texts
650 1# - SUBJECT ADDED ENTRY--TOPICAL TERM
Topical term or geographic name as entry element Satire, English.
9 (RLIN) 57446
700 1# - ADDED ENTRY--PERSONAL NAME
Personal name Dent, J. C.
942 ## - ADDED ENTRY ELEMENTS (KOHA)
Source of classification or shelving scheme Dewey Decimal Classification
Koha item type Books
Holdings
Lost status Source of classification or shelving scheme Damaged status Not for loan Collection code Permanent Location Current Location Shelving location Date acquired Source of acquisition Cost, normal purchase price Total Checkouts Full call number Date last seen Copy number Koha item type
  Dewey Decimal Classification     Fiction Central Library, University of Rajshahi Central Library, University of Rajshahi   09/02/1963 Zeitlinger 4.30   823.5 SWG 1939 25/02/2014 C-2 Books
  Dewey Decimal Classification   Not For Loan Non-fiction Central Library, University of Rajshahi Central Library, University of Rajshahi Reading Room 09/02/1963 Zeitlinger 4.03   823.5 SWG 1939 13/02/2017 C-1 Books